000 00550nam a2200181Ia 4500
999 _c36933
_d36933
003 OSt
005 20210123111118.0
008 190216s9999||||xx |||||||||||||| ||und||
020 _a9788121927956
040 _coclc
082 _a650.076
_bVER/C
100 _aVerma, Sanjeev
_98399
245 2 _aA Complete Kit For MBA Entrance Examinations /
_cSanjeev Verma ; J K Gangal
260 _bS Chand & Company,
_c2008.
_aNew Delhi:
300 _a968p
650 _aReferences
942 _cREF
_2ddc
_h650.076
_iVER/C
_k650.076
_mVER/C